000 00244nam a22001217a 4500
082 _a474
_bAPJ/B
100 _aABDULKALAM,A.P.J
245 _aBHARATH KEE AAVAS
260 _aRAJPAL
_c2017
300 _a179
650 _aESSAY
_zDELHI
942 _cBK
999 _c4164
_d4164